000
00295 a2200133 4500
000
nam a22 7a 4500
100
_a
Srivastva
110
_a
Srivastva
245
_a
Microbiology and Plant Pathology
250
_a
latest edition
260
_b
up
_c
2021
264
_b
up
_c
2021
942
_c
BK
999
_c
395819
_d
395819